000
00271nam a22001217a 4500
008
260212b ||||| |||| 00| 0 eng d
041
_a
Shqip
080
_a
2.1
100
_a
20
101
_a
shqip
245
_a
Shkulësit e përjetshëm
_c
Arif Demolli
942
_2
lcc
_c
BK
999
_c
60797
_d
60797